Tilastot visalle Maat, joiden nimissä on Vain Yksi Vokaali

Klikkaa tästä pelataksesi tätä visaa!

Yleistilastot

  • Tätä visaa on pelattu 735 kertaa
  • Keskiarvotulos 8 / 18

Vastaustilastot

Yhden vokaalin maat% Oikein
Tsad
65%
Ranska
64%
Saksa
63%
Kanada
62%
Tanska
54%
Togo
53%
Jemen
49%
Panama
48%
Fidzi
46%
Malta
43%
Ghana
42%
Kosovo
42%
Bahama
41%
Qatar
37%
Kongo
36%
Filippiinit
35%
Kazakstan
33%
Madagaskar
31%

Tulosjakauma

Persentiili vastausten määrän mukaan

Jokaisen tuloksen saaneiden osuus

Tuloshistoriasi

Et ole pelannut tätä visaa